[Event "It"]
[Site "masterchessopen.com Bucharest (Romania)"]
[Round "3"]
[White "Troianescu Octav (ROM)"]
[Black "Samarian Sergiu (ROM)"]
[Result "1-0"]
[WhiteElo "2330"]
[BlackElo "2290"]

1.d4 Nf6 2.c4 d6 3.Nf3 g6 4.g3 Bg7 5.Bg2 O-O 6.O-O Nbd7 7.Nc3 e5 8.e4 c6 9.h3
Nh5 10.Be3 Qe7 11.Re1 a6 12.a3 Rb8 13.d5 c5 14.b4 b6 15.Rb1 f5 16.exf5 gxf5
17.Ng5 Ndf6 18.bxc5 h6 19.Nf3 f4 20.gxf4 Bf5 21.cxd6 Qxd6 22.fxe5 Qxa3 23.Rb3
Qe7 24.exf6 Qxf6 25.Nd4 Bg6 26.Ne6 Rf7 27.Bd4 {#r} 1-0

[Event "It"]
[Site "masterchessopen.com Habana (Cuba)"]
[Round "0"]
[White "Guimard Carlos E (ARG)"]
[Black "Reshevsky Samuel H (USA)"]
[Result "0-1"]
[WhiteElo "2325"]
[BlackElo "2430"]

1.d4 Nf6 2.c4 g6 3.g3 Bg7 4.Bg2 O-O 5.Nc3 d6 6.Nf3 Nbd7 7.O-O e5 8.e4 c6 9.h3
Re8 10.Be3 exd4 11.Nxd4 Nc5 12.Qc2 Qe7 13.Rfe1 a5 14.Rad1 a4 15.f4 Nfd7 16.Bf2
Nb6 17.Kh2 Nxc4 18.Nd5 cxd5 19.exd5 Ne5 20.fxe5 Bxe5 21.Rxe5 Qxe5 22.Nb5 Bf5
23.Qd2 Rad8 {#R} 0-1

[Event "Tournament"]
[Site "masterchessopen.com Voros Lobogo (Hungary)"]
[Round "3"]
[White "Forintos Gyozo V (HUN)"]
[Black "Gasztonyi Endre (HUN)"]
[Result "1-0"]
[WhiteElo "2317"]
[BlackElo "2295"]

1.d4 Nf6 2.c4 g6 3.g3 Bg7 4.Bg2 O-O 5.Nf3 d6 6.O-O Nbd7 7.Nc3 e5 8.e4 c6 9.h3
Re8 10.Re1 a5 11.Rb1 exd4 12.Nxd4 Nc5 13.b3 d5 14.cxd5 cxd5 15.exd5 Rxe1+
16.Qxe1 Nd3 17.Qd1 Nb4 18.Bf4 Nbxd5 19.Nxd5 Nxd5 20.Nb5 Bf5 21.Bxd5 Bxb1
22.Nd6 Bf5 23.Nxf7 Qb6 24.Ng5+ Kh8 25.g4 h6 26.Nf7+ Kh7 27.gxf5 {#r} 1-0

[Event "Ch URS (1/2 final)"]
[Site "masterchessopen.com Kiev (Ukraine)"]
[Round "14"]
[White "Petrosian Tigran V (ARM)"]
[Black "Shianovsky Vladislav I (UKR)"]
[Result "1-0"]
[WhiteElo "2580"]
[BlackElo "2255"]

1.d4 Nf6 2.c4 d6 3.Nc3 g6 4.g3 Bg7 5.Bg2 O-O 6.Nf3 Nbd7 7.O-O e5 8.e4 c6 9.h3
Qb6 10.d5 cxd5 11.cxd5 Nc5 12.Ne1 a5 13.Nd3 Nxd3 14.Qxd3 Qd8 15.Bg5 h6 16.Be3
b6 17.Qd2 Kh7 18.Rab1 Nd7 19.f4 f5 20.exf5 gxf5 21.Nb5 Ba6 22.Nxd6 Bxf1
23.Rxf1 Qf6 24.fxe5 Nxe5 25.Nxf5 Nc4 26.Qc2 {#r} 1-0

[Event "Ch USA"]
[Site "masterchessopen.com New York (USA)"]
[Round "0"]
[White "Reshevsky Samuel H (USA)"]
[Black "Lombardy William J (USA)"]
[Result "1-0"]
[WhiteElo "2430"]
[BlackElo "2435"]

1.c4 g6 2.d4 Bg7 3.Nf3 d6 4.Nc3 Nf6 5.g3 O-O 6.Bg2 Nbd7 7.O-O e5 8.e4 c6 9.h3
Qb6 10.Rb1 exd4 11.Nxd4 Nxe4 12.Nxe4 Bxd4 13.b4 Ne5 14.c5 dxc5 15.bxc5 Qd8
16.Bh6 b5 17.Bxf8 Kxf8 18.Qe2 Qe7 19.Rfd1 Bxc5 20.Nxc5 Qxc5 21.Rbc1 Nc4
22.Rd8+ Kg7 23.Qe8 Qa3 24.Re1 Nb6 25.Qh8+ Kh6 26.Rg8 {#r} 1-0

[Event "It"]
[Site "masterchessopen.com Bogota (Colombia)"]
[Date "1958.01.25"]
[Round "5"]
[White "Davila Edmundo (NCA)"]
[Black "Najdorf Miguel (POL)"]
[Result "0-1"]
[WhiteElo "2213"]
[BlackElo "2445"]

1.Nf3 Nf6 2.c4 g6 3.Nc3 Bg7 4.e4 d6 5.d4 O-O 6.g3 Nbd7 7.Bg2 e5 8.O-O c6 9.h3
Qb6 10.c5 dxc5 11.dxe5 Ne8 12.Bg5 Nc7 13.Qd6 Re8 14.b3 Nxe5 15.Na4 Nxf3+
16.Bxf3 Qa5 17.Rac1 Bxh3 18.Rfd1 Ne6 19.Bd2 Qd8 20.Qxd8 Raxd8 21.Bg2 Bxg2
22.Kxg2 b6 23.b4 cxb4 24.Rxc6 Rd7 {#R} 0-1

[Event "Olympiad (students) (team)"]
[Site "masterchessopen.com Helsinki (Finland)"]
[Round "2"]
[White "Kuijpers Frans A (NED)"]
[Black "Moehring Guenther (GER)"]
[Result "1-0"]
[WhiteElo "2280"]
[BlackElo "2294"]

1.d4 Nf6 2.c4 g6 3.g3 Bg7 4.Bg2 O-O 5.Nf3 d6 6.O-O Nbd7 7.Nc3 e5 8.e4 c6 9.h3
Qa5 10.Be3 exd4 11.Nxd4 Nb6 12.Nb3 Qa6 13.c5 Nc4 14.Bd4 Nxb2 15.Qc2 Nd3
16.cxd6 Be6 17.Rfd1 Bc4 18.Nd2 c5 19.Bxf6 Nb4 20.Qc1 Bxf6 21.Nxc4 Qxc4 22.Nd5
Qxc1 23.Nxf6+ Kg7 24.Raxc1 Kxf6 25.Rxc5 Rac8 26.e5+ Ke6 27.Rb5 a5 28.a3 Nc6
29.Bd5+ Kf5 30.e6 {#r} 1-0

[Event "Ch Pan-American"]
[Site "masterchessopen.com Habana (Cuba)"]
[Round "12"]
[White "Letelier Rene (CHI)"]
[Black "Jimenez Eleazar (CUB)"]
[Result "0-1"]
[WhiteElo "2151"]
[BlackElo "2365"]

1.d4 Nf6 2.c4 g6 3.g3 Bg7 4.Bg2 O-O 5.Nc3 d6 6.Nf3 Nbd7 7.O-O e5 8.e4 c6 9.h3
Qe7 10.Re1 Ne8 11.Be3 f5 12.Qd2 Qf6 13.exf5 gxf5 14.Bg5 Qf7 15.dxe5 dxe5
16.Rac1 e4 17.Nh4 Ne5 18.Nxe4 fxe4 19.Bxe4 Nf6 20.Bb1 Ng6 21.Nf5 Bxf5 22.Bxf5
Rae8 23.Kg2 Ne4 24.Rxe4 Qxf5 25.Rxe8 Rxe8 26.Be3 Qe4+ 27.Kg1 Ne5 28.Qc2 Nd3
{#R} 0-1

[Event "It"]
[Site "masterchessopen.com Bulgaria"]
[Round "0"]
[White "Hadjipetrov Alexander (BUL)"]
[Black "Tringov Georgi P (BUL)"]
[Result "0-1"]
[WhiteElo "2290"]
[BlackElo "2379"]

1.c4 Nf6 2.Nc3 g6 3.Nf3 Bg7 4.g3 O-O 5.Bg2 d6 6.d4 Nbd7 7.O-O e5 8.h3 c6 9.e4
Qa5 10.Be3 exd4 11.Bxd4 Nb6 12.Nd2 Be6 13.Qf3 Nbd7 14.Rfc1 Rae8 15.a3 a6 16.b4
Qd8 17.b5 Ne5 18.Qe2 Nh5 19.bxc6 bxc6 20.Kh2 f5 21.f4 Nxf4 22.gxf4 Ng4+ 23.Kg3
Bxd4 24.hxg4 fxg4 25.Nb3 Qf6 26.Qd2 Be5 27.Ne2 g5 28.Rf1 gxf4+ 29.Rxf4 Bxc4
30.Nbd4 Bxe2 {#R} 0-1

[Event "Spartakiada URS"]
[Site "masterchessopen.com Moscow (Russia)"]
[Round "0"]
[White "Razuvaev Yuri S (RUS)"]
[Black "Kuzmin Gennadi P (UKR)"]
[Result "1-0"]
[WhiteElo "2540"]
[BlackElo "2417"]

1.d4 Nf6 2.Nf3 g6 3.c4 Bg7 4.g3 d6 5.Bg2 O-O 6.O-O Nbd7 7.Nc3 e5 8.e4 c6 9.h3
exd4 10.Nxd4 Qa5 11.Re1 Ne5 12.Bf1 Qb6 13.Nc2 Be6 14.b3 Nfg4 15.hxg4 Nxg4
16.Be3 Qa5 17.Bd4 Qh5 18.Bg2 Qh2+ 19.Kf1 f5 20.Bxg7 fxe4 21.Bxf8 Rxf8 22.Nxe4
Bf5 23.Ne3 Bxe4 24.Qxg4 Bxg2+ 25.Nxg2 Qh1+ 26.Ke2 Qxg2 27.Rf1 {#r} 1-0

[Event "Olympiad"]
[Site "masterchessopen.com Tel Aviv (Israel)"]
[Round "11"]
[White "Johannessen Svein (NOR)"]
[Black "Quinones Oscar C (PER)"]
[Result "1-0"]
[WhiteElo "2273"]
[BlackElo "2345"]

1.c4 e5 2.Nf3 d6 3.d4 Nd7 4.g3 Ngf6 5.Bg2 g6 6.O-O Bg7 7.Nc3 O-O 8.e4 c6 9.h3
a6 10.Be3 b5 11.cxb5 axb5 12.a3 Ba6 13.Re1 Qe7 14.dxe5 dxe5 15.b4 Ne8 16.Qb3
Nc7 17.Rad1 Ne6 18.Rd2 Rfd8 19.Red1 Ndf8 20.Bf1 h6 21.Nb1 Bb7 22.Qc3 Rxd2
23.Rxd2 Qf6 24.Bg2 c5 25.Nh2 cxb4 26.Qxb4 Rc8 27.Ng4 {#r} 1-0

[Event "Olympiad (students) (team)"]
[Site "masterchessopen.com Sinaya (Romania)"]
[Round "4"]
[White "Savon Vladimir A (UKR)"]
[Black "Ree Hans (NED)"]
[Result "1-0"]
[WhiteElo "2443"]
[BlackElo "2379"]

1.c4 g6 2.d4 Bg7 3.g3 Nf6 4.Bg2 O-O 5.Nf3 d6 6.O-O Nbd7 7.Nc3 e5 8.e4 c6 9.h3
Qe7 10.Re1 Ne8 11.b3 f5 12.exf5 gxf5 13.Nh4 Qf7 14.dxe5 Bxe5 15.Bd2 f4 16.gxf4
Bxc3 17.Bxc3 Qxf4 18.Bd5+ cxd5 19.Qxd5+ Qf7 20.Qg5+ Ng7 21.Nf5 {#r} 1-0

[Event "It"]
[Site "masterchessopen.com Tbilisi (Georgia)"]
[Round "0"]
[White "Damjanovic Mato (CRO)"]
[Black "Jansa Vlastimil (CZE)"]
[Result "0-1"]
[WhiteElo "2303"]
[BlackElo "2478"]

1.d4 Nf6 2.c4 g6 3.Nf3 Bg7 4.g3 O-O 5.Bg2 d6 6.O-O Nbd7 7.Nc3 e5 8.e4 c6 9.h3
Qb6 10.dxe5 dxe5 11.Qc2 Nh5 12.Be3 Qb4 13.Qe2 Qe7 14.Rad1 f5 15.exf5 gxf5
16.Nh4 Ndf6 17.Bg5 Qe8 18.Rfe1 h6 19.Bc1 e4 20.Rd6 Qf7 21.Red1 Be6 22.Bf1 {#R}
0-1

[Event "Zt"]
[Site "masterchessopen.com Hague (Netherlands)"]
[Round "8"]
[White "Roth Rolf (SUI)"]
[Black "Garcia Orus Francisco (ESP)"]
[Result "0-1"]
[WhiteElo "2290"]
[BlackElo "2076"]

1.d4 Nf6 2.c4 d6 3.Nc3 e5 4.Nf3 Nbd7 5.g3 g6 6.Bg2 Bg7 7.O-O O-O 8.h3 c6 9.e4
Qe7 10.Re1 Ne8 11.Be3 f5 12.dxe5 dxe5 13.exf5 gxf5 14.Nd2 Nc7 15.f4 Ne6 16.Kh2
Ndc5 17.Nb3 Rd8 18.Qe2 e4 19.g4 Nd3 20.Rf1 Qc7 21.Rad1 Rf8 22.Qd2 fxg4 23.Bxe4
Ndxf4 24.Kh1 Nh5 25.Rxf8+ Nxf8 26.hxg4 Bxg4 27.Rg1 Ng3+ 28.Kg2 Bxc3 29.Bf4
Bxd2 30.Bxc7 Nxe4 {#R} 0-1

[Event "Ch Czechoslovakia"]
[Site "masterchessopen.com Bratislava (Slovakia)"]
[Round "6"]
[White "Kozma Julius (CSR)"]
[Black "Trapl Jindrich (CZE)"]
[Result "1-0"]
[WhiteElo "2380"]
[BlackElo "2336"]

1.d4 Nf6 2.c4 g6 3.g3 Bg7 4.Bg2 O-O 5.Nc3 d6 6.Nf3 Nbd7 7.O-O e5 8.e4 c6 9.h3
a6 10.Qc2 exd4 11.Nxd4 Re8 12.Be3 Ne5 13.b3 c5 14.Nde2 Be6 15.Rad1 Qc7 16.f4
Nc6 17.Qd2 Qc8 18.f5 gxf5 19.Bh6 Bxh6 20.Qxh6 Nxe4 21.Bxe4 fxe4 22.Nxe4 {#r}
1-0

[Event "Olympiad"]
[Site "masterchessopen.com Lugano (Switzerland)"]
[Round "0"]
[White "Langeweg Kick (NED)"]
[Black "Freeman Michael Roy (NZL)"]
[Result "0-1"]
[WhiteElo "2309"]
[BlackElo "2218"]

1.Nf3 Nf6 2.c4 g6 3.g3 Bg7 4.Bg2 O-O 5.O-O d6 6.d4 c6 7.Nc3 Nbd7 8.e4 e5 9.h3
exd4 10.Nxd4 Ne5 11.b3 Ne8 12.f4 c5 13.Nde2 Nc6 14.Be3 Nc7 15.f5 gxf5 16.exf5
Qe7 17.Qd2 Be5 18.f6 Bxf6 19.Rxf6 Qxf6 20.Rf1 Qe7 21.Bh6 Be6 22.Nf4 Nd4 23.Nh5
f5 24.Bxb7 Rab8 25.Bxf8 Rxf8 26.Ne2 Bxc4 27.Nxd4 Bxf1 28.Nc6 Qf7 29.Qg5+ Kh8
30.Kxf1 Ne6 {#R} 0-1

[Event "Ch URS"]
[Site "masterchessopen.com URS"]
[Round "0"]
[White "Karasev Vladimir I (RUS)"]
[Black "Averkin Orest N (RUS)"]
[Result "0-1"]
[WhiteElo "2372"]
[BlackElo "2376"]

1.d4 Nf6 2.c4 g6 3.g3 Bg7 4.Bg2 O-O 5.Nf3 d6 6.Nc3 c6 7.O-O Nbd7 8.e4 e5 9.h3
Ne8 10.Re1 Qe7 11.Bg5 f6 12.Be3 f5 13.exf5 gxf5 14.dxe5 dxe5 15.g4 e4 16.Nd4
f4 17.Bc1 Bxd4 18.Qxd4 e3 19.b3 Qh4 20.Ne4 Ndf6 21.Re2 Nxe4 22.Bxe4 Bxg4
23.hxg4 Rd8 24.Bxh7+ Kxh7 25.Qe4+ Kh6 26.Ba3 Qxg4+ 27.Kf1 Qh3+ 28.Ke1 Nd6
29.Bxd6 Rxd6 30.Rd1 Re6 {#R} 0-1

[Event "?"]
[Site "masterchessopen.com Varna (Bulgaria)"]
[Round "0"]
[White "Vukic Milan (BIH)"]
[Black "Padevsky Nikola (BUL)"]
[Result "1-0"]
[WhiteElo "2411"]
[BlackElo "2355"]

1.d4 Nf6 2.c4 g6 3.Nf3 Bg7 4.g3 O-O 5.Bg2 d6 6.O-O c6 7.Nc3 Nbd7 8.e4 e5 9.h3
Qe7 10.Re1 Ne8 11.Be3 f5 12.dxe5 dxe5 13.exf5 gxf5 14.Qd2 Qf7 15.b3 Qh5 16.Ne2
Nef6 17.Rad1 Ne4 18.Qc2 a5 19.g4 fxg4 20.hxg4 Qg6 21.Nh4 Qf6 22.Nf5 Nec5
23.Neg3 Rf7 24.Rd6 Ne6 25.Be4 Kh8 26.Nh5 Qg6 27.Nh6 {#r} 1-0

[Event "It"]
[Site "masterchessopen.com Belgrade (Yugoslavia)"]
[Round "2"]
[White "Botvinnik Mikhail M (RUS)"]
[Black "Geller Efim P (RUS)"]
[Result "0-1"]
[WhiteElo "2630"]
[BlackElo "2455"]

1.c4 g6 2.d4 Bg7 3.Nc3 d6 4.Nf3 Nf6 5.g3 O-O 6.Bg2 Nbd7 7.O-O e5 8.e4 c6 9.h3
Qb6 10.Re1 exd4 11.Nxd4 Re8 12.Re2 Ng4 13.Nc2 Nge5 14.Ne3 Nc5 15.b3 Bxh3
16.Bd2 Bxg2 17.Kxg2 h5 18.Rb1 Qd8 19.b4 Ne6 20.f4 Nd3 21.Nf1 a5 22.a3 axb4
23.axb4 Bxc3 24.Bxc3 Ndxf4+ {#R} 0-1

[Event "Ch Czechoslovakia"]
[Site "masterchessopen.com Luhacovice (Czech Republic)"]
[Round "9"]
[White "Jansa Vlastimil (CZE)"]
[Black "Mista Ladislav (CZE)"]
[Result "1-0"]
[WhiteElo "2478"]
[BlackElo "2158"]

1.Nf3 Nf6 2.c4 g6 3.g3 Bg7 4.Bg2 O-O 5.O-O d6 6.Nc3 e5 7.d4 Nbd7 8.e4 c6 9.h3
Qa5 10.Re1 b5 11.cxb5 cxb5 12.a3 b4 13.Na4 b3 14.Qxb3 exd4 15.Bd2 Qh5 16.g4
Nc5 17.Nxc5 Qxc5 18.Rac1 Qb6 19.Qxb6 axb6 20.Nxd4 Nxg4 21.e5 Ra4 22.Nc6 {#r}
1-0

[Event "Ch URS (1/2 final)"]
[Site "masterchessopen.com Voronezh (Russia)"]
[Round "0"]
[White "Vaganian Rafael A (ARM)"]
[Black "Podgaets Mikhail (UKR)"]
[Result "1-0"]
[WhiteElo "2577"]
[BlackElo "2465"]

1.d4 Nf6 2.c4 g6 3.g3 Bg7 4.Bg2 O-O 5.Nc3 d6 6.Nf3 Nbd7 7.O-O e5 8.e4 c6 9.h3
Qa5 10.Be3 exd4 11.Nxd4 Nb6 12.Nb3 Qa6 13.c5 Nc4 14.Bd4 dxc5 15.Nxc5 Qa5
16.Qe2 Ne5 17.Nb3 Qc7 18.f4 Ned7 19.e5 Ne8 20.Rfe1 Kh8 21.Rad1 Rg8 22.Qf2 f6
23.Ne4 h6 24.exf6 Nexf6 25.Nxf6 Nxf6 26.Qe3 Bf5 27.Qe7 Nd7 28.Qh4 Kh7 29.Re7
Rae8 30.Bxg7 {#r} 1-0

[Event "?"]
[Site "masterchessopen.com Yugoslavia"]
[Round "0"]
[White "Cvetkovic Srdjan (SRB)"]
[Black "Minic Dragoljub (CRO)"]
[Result "1-0"]
[WhiteElo "2406"]
[BlackElo "2355"]

1.d4 g6 2.c4 Bg7 3.g3 d6 4.Bg2 Nd7 5.Nf3 e5 6.Nc3 Ngf6 7.O-O O-O 8.h3 c6 9.e4
Qa5 10.Be3 exd4 11.Nxd4 Nb6 12.Nb3 Qa6 13.c5 Nc4 14.Bd4 dxc5 15.Nxc5 Qa5
16.Qe2 Ne5 17.Nb3 Qc7 18.f4 Ned7 19.e5 Ne8 20.Ne4 Kh8 21.Kh2 Qd8 22.Rad1 Qe7
23.Qf2 a5 24.Nbc5 Nb8 25.Nd6 Qc7 26.Na4 Be6 27.Bb6 {#r} 1-0

[Event "Ch World (team) (under 26) (final B)"]
[Site "masterchessopen.com Dresden (Germany)"]
[Date "1969.08.13"]
[Round "6"]
[White "Sirkia Mauri O (FIN)"]
[Black "Pountzas Hrisanthos (GRE)"]
[Result "1-0"]
[WhiteElo "2350"]
[BlackElo "2129"]

1.Nf3 Nf6 2.g3 g6 3.Bg2 Bg7 4.O-O O-O 5.c4 d6 6.d4 Nbd7 7.Nc3 e5 8.e4 c6 9.h3
h6 10.Be3 Kh7 11.Qc2 Qe7 12.d5 c5 13.a3 Nh5 14.Rfe1 g5 15.b4 b6 16.Nd2 Kh8
17.Nb3 Ndf6 18.Rab1 g4 19.h4 Ne8 20.bxc5 bxc5 21.Na5 f5 22.exf5 Bxf5 23.Be4
Bxe4 24.Nxe4 Rf3 25.Nd2 Rf7 26.Qg6 Nhf6 27.Rb7 Nc7 28.Reb1 Qf8 29.Nc6 Nfe8
30.Ne4 {#r} 1-0

[Event "Cup URS"]
[Site "masterchessopen.com Dnepropetrovsk (Ukraine)"]
[Round "0"]
[White "Lapienis Donatas (LTU)"]
[Black "Tseitlin Mark D (ISR)"]
[Result "1-0"]
[WhiteElo "2282"]
[BlackElo "2403"]

1.d4 Nf6 2.c4 g6 3.Nf3 Bg7 4.g3 O-O 5.Bg2 d6 6.O-O Nbd7 7.Nc3 e5 8.e4 c6 9.h3
Qe7 10.Re1 Ne8 11.Kh2 f5 12.dxe5 dxe5 13.exf5 gxf5 14.Nxe5 Nxe5 15.f4 Qc7
16.fxe5 Bxe5 17.Qf3 Ng7 18.Nd5 Qb8 19.Bf4 Bxf4 20.Nxf4 Qc7 21.c5 Qf7 22.Bf1
Qf6 23.Qb3+ Kh8 24.Rad1 Ne8 25.Nh5 Qg5 26.Rxe8 {#r} 1-0

[Event "?"]
[Site "masterchessopen.com Miramar (Argentina)"]
[Round "0"]
[White "Schweber Samuel (ARG)"]
[Black "Ingolotti O"]
[Result "1-0"]
[WhiteElo "2348"]
[BlackElo "2200"]

1.c4 e5 2.Nc3 Nf6 3.g3 c6 4.Nf3 d6 5.Bg2 Nbd7 6.d4 g6 7.O-O Bg7 8.e4 O-O 9.h3
Re8 10.Be3 exd4 11.Nxd4 Nc5 12.Qc2 a5 13.Rad1 Qc7 14.b3 Bd7 15.Rfe1 Bf8 16.f4
Nh5 17.g4 Ng7 18.f5 Bc8 19.Qf2 Nd7 20.Nf3 Be7 21.Bf4 Ne5 22.Re2 b6 23.Be3 Rb8
24.Na4 Nd7 25.Red2 Ba6 26.e5 {#r} 1-0

[Event "Ch DDR"]
[Site "masterchessopen.com Straussberg (Germany)"]
[Round "9"]
[White "Moehring Guenther (GER)"]
[Black "Pfeil Hartmut (GER)"]
[Result "1-0"]
[WhiteElo "2390"]
[BlackElo "2300"]

1.d4 Nf6 2.c4 g6 3.g3 Bg7 4.Bg2 O-O 5.Nf3 d6 6.O-O Nbd7 7.Nc3 c6 8.e4 e5 9.h3
Re8 10.Re1 exd4 11.Nxd4 Nb6 12.b3 d5 13.cxd5 cxd5 14.e5 Ne4 15.Nxe4 dxe4
16.Rxe4 Bf5 17.Re1 Rxe5 18.Rxe5 Bxe5 19.Be3 Qd7 20.Nxf5 Qxf5 21.Rc1 Qe6 22.Qf3
Rd8 23.Re1 Qd6 24.Qxb7 Bc3 25.Rc1 Bb2 26.Rc7 Qb4 27.Qf3 Nd7 28.Qd5 Qe7 29.Qd2
a6 {#r} 1-0

[Event "It (cat.10)"]
[Site "masterchessopen.com Amsterdam (Netherlands)"]
[Round "0"]
[White "Polugaevsky Lev A (RUS)"]
[Black "Uhlmann Wolfgang (GER)"]
[Result "1-0"]
[WhiteElo "2645"]
[BlackElo "2530"]

1.c4 Nf6 2.Nc3 e5 3.g3 g6 4.Nf3 d6 5.d4 Nbd7 6.Bg2 Bg7 7.O-O O-O 8.e4 c6 9.h3
Qa5 10.Re1 exd4 11.Nxd4 Re8 12.Be3 Nb6 13.c5 Nc4 14.Nb3 Qd8 15.cxd6 Nxd6
16.Bd4 Nc4 17.Qe2 Be6 18.Rad1 Qe7 19.f4 Nb6 20.Nc5 Rad8 21.Nxe6 Qxe6 22.Qf2
Nh5 23.e5 Bf8 24.g4 Ng7 25.Ne4 Be7 26.Nf6+ Bxf6 27.exf6 Rxd4 28.Qxd4 Qxe1+
29.Rxe1 Rxe1+ 30.Kf2 Ne6 31.Qd2 {#r} 1-0

[Event "Zt"]
[Site "masterchessopen.com Sao Paulo (Brazil)"]
[Round "11"]
[White "Debarnot Roberto (ARG)"]
[Black "Belmonte Juan S (CHI)"]
[Result "1-0"]
[WhiteElo "2375"]
[BlackElo "2297"]

1.c4 e5 2.Nc3 Nf6 3.g3 c6 4.d4 d6 5.Bg2 Nbd7 6.Nf3 g6 7.O-O Bg7 8.e4 O-O 9.h3
Qb6 10.c5 dxc5 11.dxe5 Ne8 12.Qc2 Nxe5 13.Nxe5 Bxe5 14.Na4 Qd8 15.Nxc5 Nc7
16.Bh6 Re8 17.Rad1 Qe7 18.f4 Bh8 19.e5 Bf5 20.Qf2 Ne6 21.b4 Rad8 22.g4 Nxc5
23.bxc5 Rxd1 24.Rxd1 Be6 25.Rd6 f5 26.gxf5 Bxf5 27.Bf1 Qf7 28.Qd4 Be6 29.Rxe6
Rxe6 30.Bc4 {#r} 1-0

[Event "It"]
[Site "masterchessopen.com Medellin (Colombia)"]
[Date "1972.03.29"]
[Round "4"]
[White "Hernandez Roman (CUB)"]
[Black "Henao Raul Fernando (COL)"]
[Result "1-0"]
[WhiteElo "2360"]
[BlackElo "2386"]

1.c4 Nf6 2.Nc3 g6 3.g3 Bg7 4.Bg2 d6 5.Nf3 O-O 6.d4 Nbd7 7.O-O e5 8.h3 c6 9.e4
Qc7 10.Re1 Nb6 11.b3 a5 12.Be3 Re8 13.Rc1 Nbd7 14.d5 Nc5 15.Qc2 Nh5 16.Rcd1
Bf8 17.Qd2 f5 18.Bxc5 dxc5 19.d6 Qd7 20.exf5 Bg7 21.fxg6 hxg6 22.Na4 {#r} 1-0

[Event "Zt"]
[Site "masterchessopen.com Vrnjacka Banja (Serbia)"]
[Round "9"]
[White "Rukavina Josip (CRO)"]
[Black "Sursock Sameer (LIB)"]
[Result "1-0"]
[WhiteElo "2480"]
[BlackElo "2260"]

1.Nf3 Nf6 2.g3 g6 3.Bg2 Bg7 4.O-O O-O 5.c4 d6 6.d4 Nbd7 7.Nc3 e5 8.e4 c6 9.h3
Qb6 10.d5 Nc5 11.Ne1 cxd5 12.cxd5 Bd7 13.Rb1 Rfc8 14.b4 Na6 15.Be3 Qd8 16.Qb3
Nh5 17.Nd3 b5 18.Rfc1 f5 19.exf5 gxf5 20.Ne2 Qf6 21.f4 e4 22.Nf2 Qf7 23.g4 Nf6
24.gxf5 Bxf5 25.Nd4 Bd7 26.Ne6 Nxb4 27.Ng5 Qh5 28.Qxb4 h6 29.Ne6 Qe2 30.Re1
Qxa2 31.Nxg7 {#r} 1-0

[Event "Olympiad"]
[Site "masterchessopen.com Nice (France)"]
[Round "0"]
[White "Bilek Istvan (HUN)"]
[Black "Van Seters Frits (BEL)"]
[Result "1-0"]
[WhiteElo "2475"]
[BlackElo "2325"]

1.Nf3 Nf6 2.g3 g6 3.Bg2 Bg7 4.O-O O-O 5.d4 d6 6.c4 Nbd7 7.Nc3 e5 8.e4 c6 9.h3
Re8 10.Be3 a6 11.Qc2 b5 12.Rad1 Bb7 13.c5 exd4 14.Bxd4 dxc5 15.Bxc5 Qc8 16.Bd6
b4 17.Bxb4 c5 18.Ba5 Nxe4 19.Rfe1 Nxc3 20.Bxc3 Nf6 21.b3 Be4 22.Qb2 Qc6
23.Rxe4 Rxe4 24.Ng5 Rae8 25.Nxe4 {#r} 1-0

[Event "?"]
[Site "masterchessopen.com Yugoslavia"]
[Round "0"]
[White "Marovic Drazen (CRO)"]
[Black "Bajec Ivo (SLO)"]
[Result "1-0"]
[WhiteElo "2445"]
[BlackElo "2380"]

1.d4 g6 2.c4 Bg7 3.Nf3 d6 4.Nc3 Nd7 5.g3 e5 6.Bg2 Ngf6 7.O-O O-O 8.e4 c6 9.h3
Qa5 10.Re1 Nb6 11.Bf1 exd4 12.Nxd4 Re8 13.Nb3 Qh5 14.Qxh5 Nxh5 15.g4 Nf6
16.Bf4 a5 17.Bxd6 a4 18.Nd2 a3 19.e5 Nfd7 20.b3 Nf8 21.Nde4 Nbd7 22.f4 Ne6
23.Ne2 b6 24.Bg2 Bb7 25.Rad1 Nef8 26.Bxf8 Nxf8 27.Nd6 {#r} 1-0

[Event "Ch Pan-American"]
[Site "masterchessopen.com Buenos Aires (Argentina)"]
[Round "1"]
[White "Cifuentes Parada Roberto (ESP)"]
[Black "Tosan Felipe"]
[Result "1-0"]
[WhiteElo "2518"]
[BlackElo "2200"]

1.d4 Nf6 2.c4 g6 3.Nf3 Bg7 4.g3 O-O 5.Bg2 d6 6.Nc3 Nbd7 7.O-O e5 8.e4 c6 9.h3
Re8 10.d5 cxd5 11.cxd5 Nc5 12.Ne1 a5 13.Nd3 Nxd3 14.Qxd3 Nh5 15.a4 f5 16.Ra3
Rf8 17.Bd2 f4 18.Nb5 g5 19.b4 axb4 20.Bxb4 Bd7 21.Nxd6 fxg3 22.Qc4 Rxf2
23.Rxf2 gxf2+ 24.Kxf2 g4 25.Nf5 Rc8 26.Ne7+ Qxe7 27.Qxc8+ Bxc8 28.Bxe7 gxh3
29.Bxh3 Bxh3 30.Rxh3 Nf4 31.Rb3 {#r} 1-0

[Event "Tournament (team)"]
[Site "masterchessopen.com Hindas"]
[Date "1975.09.25"]
[Round "4"]
[White "Christoph Manfred Dr (GER)"]
[Black "Wibe Terje (NOR)"]
[Result "0-1"]
[WhiteElo "2300"]
[BlackElo "2370"]

1.Nf3 Nf6 2.g3 g6 3.c4 Bg7 4.Bg2 O-O 5.O-O d6 6.d4 c6 7.Nc3 Nbd7 8.e4 e5 9.h3
Re8 10.d5 Nc5 11.Ne1 cxd5 12.cxd5 a5 13.Nd3 Nxd3 14.Qxd3 Nd7 15.Be3 b6 16.Rfc1
Nc5 17.Qd1 f5 18.f3 Rf8 19.Qd2 f4 20.gxf4 exf4 21.Bf2 g5 22.Ne2 Nxe4 23.fxe4
f3 24.Nd4 fxg2 25.Ne6 Bxe6 26.dxe6 Qf6 27.Bxb6 Qxb2 28.Qe3 Be5 29.Rab1 Rf1+
30.Rxf1 gxf1=Q+ 31.Kxf1 Rf8+ {#R} 0-1

[Event "Memorial A.Sokolsky"]
[Site "masterchessopen.com Minsk (Belarus)"]
[Round "0"]
[White "Mochalov Evgeny V (BLR)"]
[Black "Ljuboschitz Alexander (GER)"]
[Result "1-0"]
[WhiteElo "2379"]
[BlackElo "2172"]

1.Nf3 g6 2.c4 Bg7 3.d4 d6 4.g3 Nf6 5.Bg2 O-O 6.O-O Nbd7 7.Nc3 e5 8.e4 c6 9.h3
Qb6 10.c5 dxc5 11.dxe5 Ne8 12.Bg5 Qxb2 13.Na4 Qa3 14.Be7 b6 15.Bxf8 Nxf8
16.Qd8 Bb7 17.Qe7 Ba6 18.Ng5 Qxa4 19.Qxf7+ Kh8 20.Rfd1 h6 21.e6 hxg5 22.e7 Ne6
23.Qxe6 Bd4 24.Qxg6 Qc2 25.Qxc6 Qxf2+ 26.Kh1 Rc8 27.Qh6+ Kg8 28.Rf1 Bxf1
29.Rxf1 {#r} 1-0

[Event "Cup Clare Benedict"]
[Site "masterchessopen.com Copenhagen (Denmark)"]
[Round "2"]
[White "Ammann Philipp (SUI)"]
[Black "Kristiansen Jens (DEN)"]
[Result "0-1"]
[WhiteElo "2193"]
[BlackElo "2439"]

1.c4 g6 2.Nc3 Bg7 3.Nf3 d6 4.d4 Nf6 5.g3 O-O 6.Bg2 Nbd7 7.O-O e5 8.e4 c6 9.h3
Qb6 10.d5 Nc5 11.Re1 Bd7 12.Qe2 Rfc8 13.Bg5 h6 14.Bxf6 Bxf6 15.Red1 Be7
16.Rab1 a5 17.Qe3 Kg7 18.Nd2 Bg5 19.f4 exf4 20.gxf4 Bxf4 21.Qf2 Bg3 22.Qe3 Na4
23.Qxb6 Nxb6 24.b4 Be5 25.Ne2 cxd5 26.bxa5 Nxc4 27.exd5 Ne3 28.Rdc1 Nxg2
29.Kxg2 Rxa5 30.Rxb7 Rxa2 31.Rxd7 Rxc1 {#R} 0-1